[Event "BEL-ch op"]
[Site "Niel"]
[Date "2017.07.05"]
[Round "5"]
[White "Cornil, Etienne"]
[Black "Atanasiu, Nicolae"]
[Result "1-0"]
[WhiteElo "1985"]
[BlackElo "1861"]
[PlyCount "37"]
[EventDate "2017.07.01"]
[EventType "swiss"]
[EventRounds "9"]
[EventCountry "BEL"]
[SourceTitle "EXT 2018"]
[Source "ChessBase"]
[SourceDate "2017.10.13"]
[SourceVersion "1"]
[SourceVersionDate "2017.10.13"]
[SourceQuality "1"]

1. g3 f5 2. Bg2 g6 3. d3 e6 4. f4 Nh6 5. e4 Bg7 6. c3 Nc6 7. Qb3 e5 8. Ne2 fxe4 9. Bxe4 Nf7 10. fxe5 Ncxe5 11. d4 Nc6 12. 0-0 Qe7 13. Bd5 Ncd8 14. Nf4 c6 15. Bg2 0-0 16. Nd2 Kh8 17. Nf3 Ng5 18. Nxg6+ hxg6 19. Bxg5 1-0

[Event "BEL-ch op"]
[Site "Niel"]
[Date "2017.07.04"]
[Round "4"]
[White "Buelens, Roger"]
[Black "Atanasiu, Nicolae"]
[Result "0-1"]
[WhiteElo "1446"]
[BlackElo "1861"]
[PlyCount "94"]
[EventDate "2017.07.01"]
[EventType "swiss"]
[EventRounds "9"]
[EventCountry "BEL"]
[SourceTitle "EXT 2018"]
[Source "ChessBase"]
[SourceDate "2017.10.13"]
[SourceVersion "1"]
[SourceVersionDate "2017.10.13"]
[SourceQuality "1"]

1. e4 d6 2. d4 g6 3. Nf3 Bg7 4. c3 a6 5. Be2 Nc6 6. Bf4 Bg4 7. Nbd2 e5 8. dxe5 dxe5 9. Be3 Nge7 10. 0-0 0-0 11. Qc2 h6 12. Rad1 Qc8 13. Rfe1 Be6 14. Nf1 b6 15. b3 Qb7 16. Qc1 Kh7 17. h3 f5 18. exf5 gxf5 19. N3h2 f4 20. Bd2 Rg8 21. Bf3 Qc8 22. Bg4 Bf6 23. Qc2+ Kh8 24. Qe4 Bxg4 25. Nxg4 Rxg4 26. hxg4 Qxg4 27. Nh2 Qh5 28. Bc1 Rg8 29. Rd3 Nd8 30. Rd7 Nf7 31. Rxc7 Ng5 32. Qb7 Nf5 33. Kh1 Ng3+ 34. Kg1 Ne2+ 35. Kh1 Nxc1 36. Rxc1 e4 37. Rg1 Be5 38. Re7 Bd6 39. Rd7 Bc5 40. Qd5 Qe8 41. Rd1 Bxf2 42. Rd8 Qxd8 43. Qxd8 Rxd8 44. Rxd8+ Kg7 45. Rd2 e3 46. Re2 Ne4 47. Nf3 Ng3+ 0-1

[Event "Leuven op 24th"]
[Site "Leuven"]
[Date "2012.11.04"]
[Round "2"]
[White "Atanasiu, Nicolae"]
[Black "Le, Quang Long"]
[Result "0-1"]
[WhiteElo "1938"]
[BlackElo "2366"]
[PlyCount "82"]
[EventDate "2012.11.01"]
[EventType "swiss"]
[EventRounds "7"]
[EventCountry "BEL"]
[SourceTitle "EXT 2013"]
[Source "ChessBase"]
[SourceDate "2012.11.22"]
[SourceVersion "1"]
[SourceVersionDate "2012.11.22"]
[SourceQuality "1"]

1. e4 c5 2. d4 cxd4 3. c3 dxc3 4. Nxc3 Nc6 5. Nf3 a6 6. Bc4 e6 7. 0-0 Nge7 8. Bg5 f6 9. Be3 Ng6 10. Bb3 b5 11. Qe2 Bd6 12. Rfd1 Qe7 13. Qd2 Bb4 14. a3 Ba5 15. Bc2 Nce5 16. Nxe5 Nxe5 17. Qe2 Nc4 18. Bc1 Bb7 19. a4 Bxc3 20. bxc3 0-0 21. Rd3 Rfc8 22. Rh3 Rc5 23. f4 Qf7 24. Rb1 h6 25. Qf2 Rac8 26. f5 Nd6 27. Qd4 Nc4 28. Rg3 Kh8 29. Rg6 Ne5 30. Rg3 Rc4 31. Qe3 b4 32. Qb6 Bxe4 33. Bxe4 Rxe4 34. Qb7 Rc6 35. Qa8+ Kh7 36. Bxh6 gxh6 37. cxb4 Rec4 38. b5 Rc1+ 39. Rxc1 Rxc1+ 40. Kf2 exf5 41. Rh3 Qa2+ 0-1

[Event "Ghent Taminco op 35th"]
[Site "Ghent"]
[Date "2012.07.16"]
[Round "6"]
[White "Atanasiu, Nicolae"]
[Black "Lacrosse, Marc"]
[Result "0-1"]
[WhiteElo "1964"]
[BlackElo "2203"]
[PlyCount "44"]
[EventDate "2012.07.14"]
[EventType "swiss"]
[EventRounds "9"]
[EventCountry "BEL"]
[SourceTitle "CBM 149 Extra"]
[Source "ChessBase"]
[SourceDate "2012.08.24"]
[SourceVersion "1"]
[SourceVersionDate "2012.08.24"]
[SourceQuality "1"]

1. e4 e5 2. Bc4 Nf6 3. d4 exd4 4. Nf3 Nxe4 5. Qxd4 Nf6 6. Nc3 Nc6 7. Qh4 Be7 8. Bg5 d6 9. Bd3 Be6 10. 0-0-0 a6 11. Rhe1 Qd7 12. h3 0-0-0 13. Qa4 Nb8 14. Qd4 c5 15. Qe3 Rhe8 16. Bf1 Qc6 17. Bf4 h6 18. g4 Nd5 19. Qd2 Nxc3 20. Qxc3 Qa4 21. Rd4 Qxa2 22. Rde4 Bf6 0-1

[Event "BEL-ch op"]
[Site "Lommel"]
[Date "2012.07.03"]
[Round "4"]
[White "Atanasiu, Nicolae"]
[Black "Carpentier, Jannes"]
[Result "1-0"]
[WhiteElo "1960"]
[BlackElo "1528"]
[PlyCount "67"]
[EventDate "2012.06.30"]
[EventType "swiss"]
[EventRounds "9"]
[EventCountry "BEL"]
[SourceTitle "EXT 2013"]
[Source "ChessBase"]
[SourceDate "2012.11.22"]
[SourceVersion "1"]
[SourceVersionDate "2012.11.22"]
[SourceQuality "1"]

1. e4 e5 2. Bc4 Nf6 3. d4 exd4 4. Nf3 Bc5 5. e5 Ne4 6. Qe2 Bb4+ 7. Kf1 Nc5 8. Bg5 Ne6 9. Bxd8 Nxd8 10. Nxd4 0-0 11. c3 Ba5 12. a4 Bb6 13. Nf5 Nbc6 14. Bd3 Ne6 15. Nd2 g6 16. Nh6+ Kg7 17. Ng4 d6 18. Qf3 h5 19. Qf6+ Kh7 20. h3 Bd7 21. Nf3 d5 22. b4 a6 23. Nh4 Be8 24. f4 Kg8 25. a5 Ba7 26. f5 Nf4 27. Bc2 d4 28. Qg5 Nd5 29. f6 Ncxb4 30. Qh6 Bb5+ 31. Kg1 d3+ 32. Kh2 Be3 33. Nxe3 Nxf6 34. exf6 1-0

[Event "BEL-ch op"]
[Site "Antwerp"]
[Date "2011.07.10"]
[Round "9.1"]
[White "Atanasiu, Nicolae"]
[Black "Zozulia, Anna"]
[Result "0-1"]
[WhiteElo "2007"]
[BlackElo "2381"]
[PlyCount "118"]
[EventDate "2011.07.02"]
[EventType "swiss"]
[EventRounds "9"]
[EventCountry "BEL"]
[SourceTitle "CBM 143 Extra"]
[Source "ChessBase"]
[SourceDate "2011.08.29"]
[SourceVersion "1"]
[SourceVersionDate "2011.08.29"]
[SourceQuality "1"]

1. d4 Nf6 2. Nc3 d5 3. Bg5 c5 4. Bxf6 gxf6 5. e3 Nc6 6. Qh5 e6 7. Nf3 cxd4 8. exd4 Qb6 9. 0-0-0 Bd7 10. Bd3 Rc8 11. Rhe1 Be7 12. Re3 Nb4 13. Bxh7 Qa5 14. a3 Rxc3 15. Rxc3 Na2+ 16. Kd2 Bxa3 17. Ke2 Nxc3+ 18. bxc3 Bb5+ 19. Kd2 Bb2 20. Rb1 Bxc3+ 21. Kd1 Qa6 22. Bd3 Rxh5 23. Bxb5+ Qxb5 24. Rxb5 b6 25. Ke2 Kd7 26. Rb3 Ba5 27. h4 Rh8 28. g4 Rc8 29. Kd3 Kd6 30. c3 e5 31. Ng1 Rg8 32. f3 Rh8 33. h5 f5 34. dxe5+ Kxe5 35. Ne2 fxg4 36. fxg4 Rg8 37. Nd4 Rxg4 38. Nc6+ Ke6 39. Nxa7 Kd7 40. Nb5 Rh4 41. Rb1 Rxh5 42. Kd4 Rf5 43. Rh1 Rf4+ 44. Kd3 Rc4 45. Rf1 Rc5 46. Rb1 f5 47. Rb3 Ke6 48. Nd4+ Ke5 49. Ne2 f4 50. Nd4 Rc4 51. Nf3+ Kf5 52. Nd2 Rc5 53. Nf3 Kg4 54. Ne5+ Kg3 55. c4 dxc4+ 56. Nxc4 f3 57. Kd4 Rc8 58. Ne5 Bc3+ 59. Ke4 f2 0-1

[Event "BEL-ch"]
[Site "Ghent"]
[Date "2010.05.15"]
[Round "5"]
[White "Truwant, Pieter"]
[Black "Atanasiu, Nicolae"]
[Result "0-1"]
[WhiteElo "1961"]
[BlackElo "2025"]
[PlyCount "94"]
[EventDate "2010.05.13"]
[EventType "swiss"]
[EventRounds "7"]
[EventCountry "BEL"]
[SourceTitle "CBM 136 Extra"]
[Source "ChessBase"]
[SourceDate "2010.07.02"]
[SourceVersion "2"]
[SourceVersionDate "2010.07.15"]
[SourceQuality "1"]

1. e4 b6 2. d4 Bb7 3. d5 e6 4. c4 Bb4+ 5. Nc3 Qe7 6. Be3 exd5 7. exd5 Bxc3+ 8. bxc3 Nf6 9. Be2 Na6 10. Bf3 0-0-0 11. Ne2 h5 12. 0-0 Ng4 13. Bf4 Ne5 14. Nd4 g5 15. Bxe5 Qxe5 16. Re1 Qf6 17. a4 g4 18. Be4 Nc5 19. a5 Nxe4 20. Rxe4 Rde8 21. Rxe8+ Rxe8 22. a6 Ba8 23. Ra2 h4 24. Re2 Rh8 25. Re3 Qg6 26. Qe1 Kd8 27. Qd1 Re8 28. Rxe8+ Kxe8 29. Nb5 Kd8 30. Nxa7 Qe4 31. Qf1 c6 32. dxc6 dxc6 33. Qd1+ Kc7 34. f3 Qe3+ 35. Kf1 gxf3 36. Qxf3 Qxf3+ 37. gxf3 Kb8 38. Kg2 Kxa7 39. Kh3 c5 40. f4 Kxa6 41. Kxh4 b5 42. cxb5+ Kxb5 43. Kg5 Bf3 44. h4 Kc4 45. h5 Bxh5 46. Kxh5 Kxc3 47. Kg5 Kd4 0-1

[Event "BEL-ch"]
[Site "Ghent"]
[Date "2010.05.14"]
[Round "3"]
[White "Atanasiu, Nicolae"]
[Black "De Bock, Lennart"]
[Result "1-0"]
[WhiteElo "2025"]
[BlackElo "2045"]
[PlyCount "59"]
[EventDate "2010.05.13"]
[EventType "swiss"]
[EventRounds "7"]
[EventCountry "BEL"]
[SourceTitle "CBM 136 Extra"]
[Source "ChessBase"]
[SourceDate "2010.07.02"]
[SourceVersion "2"]
[SourceVersionDate "2010.07.15"]
[SourceQuality "1"]

1. e4 c5 2. d4 cxd4 3. c3 Nf6 4. e5 Nd5 5. Nf3 e6 6. cxd4 Nc6 7. Bd3 d6 8. a3 dxe5 9. dxe5 Qc7 10. 0-0 Nxe5 11. Nxe5 Qxe5 12. Bb5+ Bd7 13. Bxd7+ Kxd7 14. Nc3 Bd6 15. f4 Qf5 16. Qb3 Nxc3 17. Qxb7+ Bc7 18. bxc3 Qc5+ 19. Kh1 Rhd8 20. Be3 Qxe3 21. Rad1+ Ke8 22. Qxc7 Qb6 23. Qe5 Kf8 24. Qe4 g6 25. Rde1 Rac8 26. Rf3 Qa5 27. Qe3 Qxa3 28. f5 exf5 29. Qh6+ Kg8 30. Rh3 1-0

[Event "BEL-ch"]
[Site "Ghent"]
[Date "2010.05.13"]
[Round "1"]
[White "Atanasiu, Nicolae"]
[Black "Draftian, Ashote"]
[Result "1/2-1/2"]
[WhiteElo "2025"]
[BlackElo "2288"]
[PlyCount "137"]
[EventDate "2010.05.13"]
[EventType "swiss"]
[EventRounds "7"]
[EventCountry "BEL"]
[SourceTitle "CBM 136 Extra"]
[Source "ChessBase"]
[SourceDate "2010.07.02"]
[SourceVersion "2"]
[SourceVersionDate "2010.07.15"]
[SourceQuality "1"]

1. e4 c5 2. d4 cxd4 3. c3 dxc3 4. Nxc3 Nc6 5. Nf3 g6 6. Bc4 Bg7 7. e5 Nh6 8. Bf4 0-0 9. Qe2 d6 10. exd6 e5 11. Bg5 Qxd6 12. 0-0 Nf5 13. Ne4 Qb4 14. a3 Qb6 15. Nf6+ Kh8 16. Nd5 Qc5 17. b4 Qd6 18. Rad1 Nfd4 19. Nxd4 exd4 20. Bf4 Be5 21. Rxd4 Be6 22. Bxe5+ Qxe5 23. Re4 Qg7 24. Qa2 Rac8 25. Bb3 Nd4 26. Rd1 Nxb3 27. Qxb3 Rfd8 28. Red4 Qxd4 29. Rxd4 Bxd5 30. Qb2 Kg8 31. Qd2 Rd7 32. h4 Rcd8 33. Qc3 Bc6 34. Rxd7 Rxd7 35. h5 Rd1+ 36. Kh2 Rd5 37. h6 Rh5+ 38. Kg1 Rxh6 39. Qe3 Rh5 40. Qxa7 Rg5 41. g3 Bf3 42. Qb8+ Kg7 43. Qf4 Rf5 44. Qd4+ Kh6 45. Kf1 g5 46. Ke1 g4 47. Qe3+ Kg6 48. Kd2 f6 49. a4 Re5 50. Qb6 Re2+ 51. Kc3 Ra2 52. a5 Ra1 53. Kb2 Re1 54. b5 Re5 55. a6 bxa6 56. bxa6 Re8 57. Kc3 Kf7 58. a7 Rc8+ 59. Kd4 Re8 60. Qc7+ Re7 61. Qb8 Re4+ 62. Kc3 Re8 63. Qf4 Rc8+ 64. Kb4 Kg7 65. Qd6 Rf8 66. Qd7+ Rf7 67. Qd4 Rf8 68. Ka5 Rf7 69. Qd8 1/2-1/2

[Event "Lille Luce op 1st"]
[Site "Lille"]
[Date "2010.04.03"]
[Round "1"]
[White "Wirig, Anthony"]
[Black "Atanasiu, Nicolae"]
[Result "1/2-1/2"]
[WhiteElo "2504"]
[BlackElo "2034"]
[PlyCount "102"]
[EventDate "2010.04.03"]
[EventType "swiss"]
[EventRounds "9"]
[EventCountry "FRA"]
[SourceTitle "EXT 2011"]
[Source "ChessBase"]
[SourceDate "2010.11.26"]
[SourceVersion "1"]
[SourceVersionDate "2010.11.26"]
[SourceQuality "1"]

1. c4 b6 2. Nc3 Bb7 3. d4 e6 4. Nf3 f5 5. Bf4 Nf6 6. e3 Bb4 7. Bd3 0-0 8. h3 Bxc3+ 9. bxc3 Nc6 10. g4 Na5 11. gxf5 Ne4 12. Rg1 exf5 13. Ng5 Qe8 14. d5 Nd6 15. c5 bxc5 16. Qa4 Bxd5 17. Qxa5 Nb7 18. Qa4 d6 19. Bb5 c6 20. Ba6 h6 21. Bxb7 hxg5 22. Bxd6 Qd7 23. Bxa8 Qxd6 24. 0-0-0 Qe5 25. Qa5 Rxa8 26. Qxc5 Rb8 27. Qd4 Qe7 28. Kd2 Bf3 29. Qc4+ Kh7 30. Rb1 Rd8+ 31. Kc2 Be4+ 32. Kb2 Rd2+ 33. Ka1 Bd5 34. Qa4 Rxf2 35. Rb2 Rxb2 36. Kxb2 Qxe3 37. Qd1 Qxh3 38. Rxg5 g6 39. Qg1 Qd3 40. Qh2+ Kg7 41. Rg1 Qe3 42. Rf1 Qe7 43. Qd2 Qc5 44. Ka1 Kf6 45. Rc1 Qc4 46. Qh2 f4 47. Qh4+ Kf5 48. Qh3+ Ke5 49. Qh8+ Kf5 50. Qh3+ Kf6 51. Qh4+ Kf5 1/2-1/2

[Event "Ghent VSF-chA"]
[Site "Ghent"]
[Date "2007.05.20"]
[Round "7"]
[White "Atanasiu, Nicolae"]
[Black "Roos, Adrian"]
[Result "1/2-1/2"]
[WhiteElo "2071"]
[BlackElo "1897"]
[PlyCount "110"]
[EventDate "2007.05.17"]
[EventType "swiss"]
[EventRounds "7"]
[EventCountry "BEL"]
[SourceTitle "EXT 2009"]
[Source "ChessBase"]
[SourceDate "2008.11.26"]
[SourceVersion "1"]
[SourceVersionDate "2008.11.26"]
[SourceQuality "1"]

1. e4 c5 2. d4 cxd4 3. c3 Nf6 4. e5 Nd5 5. Nf3 e6 6. cxd4 d6 7. Bd3 Nc6 8. a3 Be7 9. 0-0 0-0 10. b4 f5 11. exf6 Bxf6 12. Bb2 Bd7 13. Nbd2 Nf4 14. Be4 d5 15. Bc2 Ne7 16. Re1 Nfg6 17. Nf1 Nf5 18. Ng3 Nfh4 19. Nxh4 Bxh4 20. Bd3 Qf6 21. f3 Nf4 22. Bf1 Qg6 23. Re5 Bxg3 24. hxg3 Qxg3 25. Qe1 Qg6 26. Rd1 Bb5 27. Rxe6 Nxe6 28. Bxb5 Nf4 29. Qd2 a6 30. Ba4 Qg3 31. Kf1 b5 32. Bb3 Rae8 33. Bc1 Re2 34. Qxe2 Nxe2 35. Bxd5+ Kh8 36. Kxe2 Qxg2+ 37. Kd3 Re8 38. Bd2 Qg6+ 39. Be4 Qe6 40. d5 Rd8 41. Bc3 Rxd5+ 42. Bxd5 Qxd5+ 43. Ke2 Qc4+ 44. Rd3 h5 45. Ke3 Kh7 46. Be5 Qc1+ 47. Ke2 g5 48. Rc3 Qg1 49. Rc6 g4 50. Rc7+ Kg6 51. fxg4 hxg4 52. Rc3 Kf5 53. Bg3 Qg2+ 54. Bf2 Qe4+ 55. Kd2 Qg2 1/2-1/2

[Event "Ghent VSF-chA"]
[Site "Ghent"]
[Date "2007.05.17"]
[Round "2"]
[White "Atanasiu, Nicolae"]
[Black "Todts, Benny"]
[Result "1-0"]
[WhiteElo "2071"]
[BlackElo "1951"]
[PlyCount "119"]
[EventDate "2007.05.17"]
[EventType "swiss"]
[EventRounds "7"]
[EventCountry "BEL"]
[SourceTitle "EXT 2009"]
[Source "ChessBase"]
[SourceDate "2008.11.26"]
[SourceVersion "1"]
[SourceVersionDate "2008.11.26"]
[SourceQuality "1"]

1. e4 e6 2. d3 d5 3. Nd2 Nf6 4. Ngf3 c5 5. g3 Nc6 6. Bg2 Bd6 7. 0-0 0-0 8. Re1 Bc7 9. b3 b5 10. a4 b4 11. Bb2 a5 12. e5 Nd7 13. h4 f6 14. exf6 Nxf6 15. Ne5 Nxe5 16. Bxe5 Bxe5 17. Rxe5 Qc7 18. f4 Ra6 19. Bh3 Qa7 20. Kh2 c4 21. Qe2 cxd3 22. cxd3 Qd4 23. Rc1 Qb2 24. Rc7 Re8 25. h5 h6 26. g4 Qd4 27. Kg3 Rd6 28. Nf3 Qb6 29. Qc2 Ba6 30. Bf1 Bc4 31. Rxg7+ Kxg7 32. dxc4 Ne4+ 33. Rxe4 dxe4 34. Qxe4 e5 35. fxe5 Qc6 36. Bd3 Qxe4 37. Bxe4 Rd1 38. Bf5 Rc1 39. Kf4 Rc3 40. Nh4 Rg8 41. c5 Kf8 42. c6 Ke7 43. Bd7 Rf8+ 44. Nf5+ Kd8 45. e6 Rxf5+ 46. gxf5 Ke7 47. Ke5 Re3+ 48. Kd4 Rc3 49. Kd5 Rc1 50. f6+ Kxf6 51. Kd6 Rc3 52. c7 Rd3+ 53. Kc6 Rxb3 54. Kb7 Rc3 55. Bc6 b3 56. c8Q b2 57. Qh8+ Kxe6 58. Qxc3 b1Q+ 59. Bb5 Ke7 60. Qg7+ 1-0

[Event "Ghent VSF-chA"]
[Site "Ghent"]
[Date "2007.05.17"]
[Round "1"]
[White "Schuermans, Robert"]
[Black "Atanasiu, Nicolae"]
[Result "1-0"]
[WhiteElo "2277"]
[BlackElo "2071"]
[PlyCount "150"]
[EventDate "2007.05.17"]
[EventType "swiss"]
[EventRounds "7"]
[EventCountry "BEL"]
[SourceTitle "EXT 2009"]
[Source "ChessBase"]
[SourceDate "2008.11.26"]
[SourceVersion "1"]
[SourceVersionDate "2008.11.26"]
[SourceQuality "1"]

1. e4 c5 2. Nf3 d6 3. d4 cxd4 4. Nxd4 Nf6 5. Nc3 a6 6. Bg5 e6 7. f4 Nc6 8. Nb3 b5 9. Qf3 Qc7 10. 0-0-0 Bb7 11. g4 Be7 12. Bg2 0-0-0 13. Bh4 b4 14. Ne2 Nxe4 15. Qxe4 Bxh4 16. Qd3 Be7 17. Rhe1 d5 18. Kb1 Kb8 19. Qe3 Rhe8 20. Qf2 Na5 21. Nxa5 Qxa5 22. Nc1 Qc7 23. Nd3 Bd6 24. Qd4 f6 25. Nxb4 Bxf4 26. Qd3 Qb6 27. c3 a5 28. Nc2 Be5 29. Nd4 h6 30. h4 Rc8 31. g5 hxg5 32. hxg5 Bxd4 33. cxd4 Rc4 34. gxf6 gxf6 35. Bh3 Rb4 36. Rd2 e5 37. Qg6 Qd8 38. Rf2 Rxd4 39. Rxf6 Ka8 40. Rd6 Qe7 41. Re6 Qh4 42. Rxe8+ Ka7 43. R8xe5 Qxh3 44. Qg1 Qd3+ 45. Ka1 Ka6 46. Re6+ Kb5 47. R6e3 Qd2 48. Qf1+ Kb6 49. Rb3+ Rb4 50. Rxb4+ axb4 51. Rd1 Qg5 52. Qf2+ Ka6 53. Rg1 Qh6 54. Qd4 Qb6 55. Qxb6+ Kxb6 56. Kb1 Kc5 57. Rg6 Bc6 58. Kc2 Ba4+ 59. b3 Bb5 60. Rg4 Be2 61. Rh4 Bb5 62. Kb2 Bd3 63. a3 bxa3+ 64. Kxa3 Be4 65. Kb2 Kb4 66. Rh8 Bd3 67. Rb8+ Bb5 68. Rd8 Bc6 69. Rd6 Kc5 70. Rg6 Bb5 71. Rg4 Be2 72. Rg5 Bf3 73. Kc3 Be4 74. b4+ Kb5 75. Rg4 Bf3 1-0